[Event "European Youth Chess Championship B10"]
[Site "Prague, Top Hotel Prague"]
[Date "2016.08.26"]
[Round "8.62"]
[White "Springis, Jevgenijs"]
[Black "Pilalis, Ernestos"]
[Result "1-0"]
[WhiteElo "1261"]
[BlackElo "1107"]
[PlyCount "115"]
[EventDate "2016.08.18"]

1. b4 e5 2. Bb2 Bxb4 3. Bxe5 Nf6 4. Nf3 Nc6 5. Bb2 d5 6. a3 Bc5 7. d4 Bd6 8. e3
O-O 9. c4 dxc4 10. Bxc4 Bg4 11. Nbd2 Re8 12. Qb3 Re7 13. Qxb7 Na5 14. Qb5 c6
15. Qa4 Rb8 16. Bc3 Nxc4 17. Nxc4 Bxf3 18. gxf3 Nd5 19. Bd2 Reb7 20. Qc2 Qc7
21. Ba5 Qe7 22. e4 Bc7 23. Bd2 Qe6 24. Rc1 Nf4 25. e5 Ng2+ 26. Ke2 Qh3 27. Qe4
Qh4 28. Qxh4 Nxh4 29. Ne3 Bb6 30. Bc3 Ng6 31. Nf5 Nf4+ 32. Ke3 Ng6 33. Nd6 Rd7
34. Rb1 Nxe5 35. Ne4 Nc4+ 36. Kd3 Nxa3 37. Rb4 Nb5 38. Rd1 c5 39. Rxb5 cxd4 40.
Ba5 Rdd8 41. Rdb1 Ra8 42. Bxb6 axb6 43. Rxb6 Ra3+ 44. R6b3 Ra2 45. R1b2 Ra1 46.
Rb8 Rf8 47. Rxf8+ Kxf8 48. Rb8+ Ke7 49. Rb7+ Ke6 50. Ng5+ Kd5 51. Rxf7 Ra3+ 52.
Kc2 d3+ 53. Kd2 Kc4 54. Rc7+ Kd4 55. Ne6+ Kd5 56. Nf4+ Kd4 57. Rd7+ Ke5 58.
Rxd3 1-0

[Event "European Youth Chess Championship B10"]
[Site "Prague, Top Hotel Prague"]
[Date "2016.08.26"]
[Round "8.63"]
[White "Tajovsky, Simon"]
[Black "Andreev, Konstantin"]
[Result "0-1"]
[WhiteElo "1106"]
[BlackElo "1206"]
[PlyCount "63"]
[EventDate "2016.08.18"]

1. d4 d5 2. c4 c6 3. Nf3 Nf6 4. Nc3 Nbd7 5. cxd5 cxd5 6. Bg5 e6 7. e3 Be7 8.
Bd3 O-O 9. O-O b6 10. Ne5 Nxe5 11. dxe5 Nd7 12. Bxe7 Qxe7 13. f4 Bb7 14. Rf3 d4
15. Rh3 g6 16. exd4 Rac8 17. Ne4 Qb4 18. Bc2 Qxb2 19. Nd6 Rxc2 20. Nxb7 Rxg2+
21. Kh1 Rd2 22. Qf1 Qxd4 23. Nd6 Qf2 24. Qxf2 Rxf2 25. Rh4 f6 26. Kg1 Rd2 27.
Nb5 fxe5 28. fxe5 a6 29. Nc7 Nxe5 30. Nxa6 Nf3+ 31. Kf1 Nxh2+ 32. Ke1 0-1

[Event "European Youth Chess Championship B10"]
[Site "Prague, Top Hotel Prague"]
[Date "2016.08.26"]
[Round "8.64"]
[White "Burdot, Louis"]
[Black "Kien, Lancelot"]
[Result "1-0"]
[WhiteElo "1202"]
[BlackElo "1107"]
[PlyCount "117"]
[EventDate "2016.08.18"]

1. e4 e5 2. Nf3 Nc6 3. Bc4 Bc5 4. c3 Nf6 5. d4 exd4 6. cxd4 Bb4+ 7. Bd2 Bxd2+
8. Nbxd2 d5 9. exd5 Nxd5 10. O-O O-O 11. Rc1 Bg4 12. h3 Bh5 13. Nb3 Nb6 14. Be2
Re8 15. Bb5 Re6 16. Bxc6 Rxc6 17. Rxc6 bxc6 18. Qd3 f6 19. Re1 a5 20. a4 Bf7
21. Nc5 Qd6 22. Nd2 Bg6 23. Qb3+ Bf7 24. Qc3 Rb8 25. Ndb3 Nxa4 26. Nxa4 Rxb3
27. Qxa5 h6 28. Qc5 Qf4 29. Qxc6 Qxd4 30. Qa8+ Kh7 31. Qe4+ Qxe4 32. Rxe4 Bd5
33. Rd4 c6 34. Nc3 Rxb2 35. Nxd5 cxd5 36. Rxd5 g5 37. Rd7+ Kg6 38. g4 f5 39.
Rd6+ Kg7 40. gxf5 Rb5 41. Rg6+ Kf7 42. Rxh6 Rxf5 43. Rh5 Kg6 44. Rh8 Kg7 45.
Rd8 Kh6 46. Kg2 Kh5 47. Rh8+ Kg6 48. Rd8 Kh5 49. Kg3 Rf4 50. Rh8+ Kg6 51. h4
gxh4+ 52. Kxf4 Kf6 53. Rxh4 Kf7 54. Ke5 Ke7 55. f4 Kf7 56. f5 Ke7 57. Rh7+ Kf8
58. Ke6 Ke8 59. Rh8# 1-0

[Event "European Youth Chess Championship B10"]
[Site "Prague, Top Hotel Prague"]
[Date "2016.08.26"]
[Round "8.67"]
[White "Guri, Adrian"]
[Black "Krasevec, Jan"]
[Result "0-1"]
[WhiteElo "1202"]
[BlackElo "1336"]
[PlyCount "124"]
[EventDate "2016.08.18"]

1. d4 d5 2. c3 e6 3. g3 f5 4. Bg2 Nf6 5. Nh3 Bd6 6. f3 O-O 7. Nf2 c6 8. O-O b6
9. Bg5 Nbd7 10. Nd2 Bb7 11. e4 fxe4 12. fxe4 Be7 13. e5 Ne8 14. Bxe7 Qxe7 15.
Qe2 Nc7 16. Qd1 Ba6 17. Re1 c5 18. Qc2 Qf7 19. Nf3 Qf5 20. Qxf5 Rxf5 21. Nh4
Rf7 22. Bf1 Raf8 23. Nh3 Bxf1 24. Rxf1 Nb5 25. a4 Rxf1+ 26. Rxf1 Rxf1+ 27. Kxf1
Nc7 28. Nf4 g5 29. Nf3 gxf4 30. gxf4 h6 31. h4 b5 32. b3 c4 33. axb5 Nxb5 34.
bxc4 dxc4 35. Nd2 Nxc3 36. Nxc4 Nd5 37. Ke2 Nxf4+ 38. Kd2 Ng6 39. Ke3 Nxh4 40.
Ke4 Nf5 41. Kd3 h5 42. Ke4 h4 43. Kf3 Nb6 44. Na5 Nxd4+ 45. Kg4 Nf5 46. Nc6 a6
47. Na5 Nd7 48. Nc6 a5 49. Nxa5 Nxe5+ 50. Kh3 Nd3 51. Nc4 Kf7 52. Nd2 Kf6 53.
Ne4+ Ke5 54. Ng5 Nf4+ 55. Kh2 Nd4 56. Kh1 h3 57. Kh2 Kf5 58. Nf7 Ke4 59. Ng5+
Ke3 60. Kh1 Nf3 61. Nxe6 Nd3 62. Nf4 Nf2# 0-1

[Event "European Youth Chess Championship B10"]
[Site "Prague, Top Hotel Prague"]
[Date "2016.08.26"]
[Round "8.68"]
[White "Dieguez, Novoa Benjamin"]
[Black "Richter, Rudolf"]
[Result "1/2-1/2"]
[WhiteElo "1068"]
[BlackElo "1262"]
[PlyCount "104"]
[EventDate "2016.08.18"]

1. e4 c5 2. Nf3 g6 3. d4 cxd4 4. Nxd4 Bg7 5. Nc3 d6 6. Be3 Nf6 7. Bd3 O-O 8.
Qd2 Bd7 9. h3 Nc6 10. Nf3 Re8 11. O-O Rc8 12. Bh6 Qb6 13. Bxg7 Kxg7 14. b3 Nd4
15. Nxd4 Qxd4 16. Ne2 Qc5 17. Rac1 Bb5 18. Bxb5 Qxb5 19. c4 Qe5 20. Ng3 Nxe4
21. Nxe4 Qxe4 22. Rfe1 Qf5 23. Qd4+ Qf6 24. Qxa7 Ra8 25. Qxb7 Rxa2 26. Rf1 Rea8
27. Qd5 R8a5 28. Qd1 Rf5 29. Rc2 Rfa5 30. Rxa2 Rxa2 31. Qb1 Rb2 32. Qd3 Qf5 33.
Qc3+ Qf6 34. Qd3 Qe5 35. Rb1 Qf6 36. Rxb2 Qxb2 37. Kf1 Qc1+ 38. Ke2 Qb2+ 39.
Ke3 Qe5+ 40. Qe4 Qc3+ 41. Qd3 Qxd3+ 42. Kxd3 Kf6 43. b4 Ke6 44. b5 Kd7 45. Kc3
Kc7 46. Kb4 Kb6 47. f3 h6 48. Kc3 d5 49. Kd4 dxc4 50. Kxc4 e6 51. g3 f6 52. f4
h5 1/2-1/2

[Event "European Youth Chess Championship B10"]
[Site "Prague, Top Hotel Prague"]
[Date "2016.08.26"]
[Round "8.69"]
[White "Ruggiero, Alessandro"]
[Black "Thoreux-Josso, Aaron"]
[Result "1-0"]
[WhiteElo "1102"]
[BlackElo "1124"]
[PlyCount "135"]
[EventDate "2016.08.18"]

1. e4 e5 2. Nf3 f5 3. exf5 e4 4. Nd4 Nf6 5. Bc4 d5 6. Bb5+ c6 7. Be2 Bc5 8. Nb3
Bb6 9. d3 Bxf5 10. dxe4 Nxe4 11. N1d2 Nxf2 12. Bh5+ g6 13. Qe2+ Kf8 14. O-O
gxh5 15. Nb1 Qc7 16. Rxf2 Bxf2+ 17. Qxf2 Qb6 18. Be3 Qc7 19. Qxf5+ Qf7 20. Bc5+
Kg8 21. Qg5+ Qg7 22. Qd8+ Kf7 23. Qd7+ Kg6 24. Qe6+ Qf6 25. Qxf6+ Kxf6 26. Bd4+
Kf5 27. Bxh8 Nd7 28. Bd4 Rg8 29. Nc3 b6 30. Rf1+ Ke6 31. Ne2 c5 32. Nf4+ Kd6
33. Be3 d4 34. Bf2 Rg5 35. Bg3 Kc6 36. Ne6 Rg6 37. Nf4 Rg5 38. Nh3 Rd5 39. Nd2
b5 40. Ne4 a5 41. Nf6 Nxf6 42. Rxf6+ Kd7 43. Rf7+ Ke6 44. Nf4+ Kxf7 45. Nxd5
Ke6 46. Nc7+ Kd7 47. Nxb5 Kc6 48. Na3 Kd5 49. Bc7 a4 50. Nb1 Ke4 51. Bb6 c4 52.
Kf2 d3 53. cxd3+ cxd3 54. Nd2+ Kf4 55. b3 axb3 56. axb3 Ke5 57. b4 Kd6 58. Bc5+
Kc6 59. Ke3 Kb5 60. Kxd3 Kc6 61. Ke4 Kb7 62. Kf5 h4 63. Kg4 h3 64. Kxh3 Kc6 65.
Kh4 Kd7 66. Kh5 Kc6 67. Kh6 Kb5 68. Kxh7 1-0

[Event "European Youth Chess Championship B10"]
[Site "Prague, Top Hotel Prague"]
[Date "2016.08.27"]
[Round "9.1"]
[White "Ponomarev, Grigori"]
[Black "Stalmach, Richard"]
[Result "1/2-1/2"]
[WhiteElo "1978"]
[BlackElo "1735"]
[PlyCount "60"]
[EventDate "2016.08.18"]

1. e4 c5 2. Nf3 e6 3. b3 Nf6 4. e5 Nd5 5. Bb2 Nc6 6. c4 Nf4 7. g3 Ng6 8. Bg2
Be7 9. h4 f6 10. exf6 Bxf6 11. Bxf6 Qxf6 12. Nc3 O-O 13. O-O Nd4 14. Ng5 Rb8
15. Qh5 h6 16. Nce4 Qf5 17. f4 Ne7 18. Bh3 Qg6 19. Qxg6 Nxg6 20. Nf3 Nxf3+ 21.
Rxf3 b6 22. h5 Bb7 23. Re3 Ne7 24. Nd6 Bc6 25. Re5 Nc8 26. Nxc8 Rbxc8 27. Rae1
Rcd8 28. Bf1 Bf3 29. Be2 Bxe2 30. R1xe2 Rf6 1/2-1/2

[Event "European Youth Chess Championship B10"]
[Site "Prague, Top Hotel Prague"]
[Date "2016.08.27"]
[Round "9.2"]
[White "Murzin, Volodar"]
[Black "Vasilyev, Alexey"]
[Result "1-0"]
[WhiteElo "2080"]
[BlackElo "1838"]
[PlyCount "55"]
[EventDate "2016.08.18"]

1. Nf3 d5 2. g3 g6 3. Bg2 Bg7 4. c4 d4 5. d3 c5 6. O-O Nc6 7. a3 e5 8. e3 a5 9.
exd4 cxd4 10. Re1 Nge7 11. Nbd2 O-O 12. Rb1 a4 13. b4 axb3 14. Qxb3 Rb8 15. Qb6
Bf5 16. Ne4 Bxe4 17. Rxe4 Qd7 18. Qb5 Nc8 19. Qd5 Qxd5 20. cxd5 N6e7 21. Nxe5
Nxd5 22. Nd7 Nc3 23. Nxf8 Kxf8 24. Bf4 Ra8 25. Rxb7 Nxe4 26. Bxe4 h6 27. Rc7
Rb8 28. Rc1 1-0

[Event "European Youth Chess Championship B10"]
[Site "Prague, Top Hotel Prague"]
[Date "2016.08.27"]
[Round "9.3"]
[White "Silich, Yahor"]
[Black "Makoveev, Ilya"]
[Result "0-1"]
[WhiteElo "1639"]
[BlackElo "2186"]
[PlyCount "80"]
[EventDate "2016.08.18"]

1. e4 c5 2. Nf3 e6 3. d3 d5 4. Qe2 Nf6 5. g3 Nc6 6. Bg2 Be7 7. O-O O-O 8. e5
Ne8 9. c4 Nc7 10. Nc3 Nd4 11. Qd1 Nf5 12. h4 Rb8 13. cxd5 exd5 14. d4 c4 15.
Bg5 Be6 16. Qd2 h6 17. Bf4 b5 18. Nd1 Rb6 19. Ne3 Nxe3 20. Bxe3 Bf5 21. Nh2 Qd7
22. f3 b4 23. h5 Nb5 24. g4 Bh7 25. f4 c3 26. bxc3 bxc3 27. Qe2 Na3 28. Rac1
Rb2 29. Qd1 Nc4 30. Rxc3 Bb4 31. Rb3 Bc2 32. Rxb2 Bxd1 33. Rxb4 Nxe3 34. Rf2
Nxg4 35. Rfb2 Nxh2 36. Kxh2 Qg4 37. Rf2 Qh4+ 38. Kg1 Bxh5 39. Bxd5 Qg3+ 40. Bg2
Rc8 0-1

[Event "European Youth Chess Championship B10"]
[Site "Prague, Top Hotel Prague"]
[Date "2016.08.27"]
[Round "9.4"]
[White "Razafindratsima, Timothe"]
[Black "Lystsov, Leonid"]
[Result "1/2-1/2"]
[WhiteElo "1938"]
[BlackElo "1705"]
[PlyCount "94"]
[EventDate "2016.08.18"]

1. e4 g6 2. Nf3 Bg7 3. d4 d6 4. Nc3 a6 5. Be3 Nd7 6. Be2 b5 7. O-O Bb7 8. a3 c5
9. Bd3 Ngf6 10. Nd2 e5 11. d5 O-O 12. Re1 Ne8 13. Qf3 c4 14. Be2 f5 15. Nf1
fxe4 16. Qxe4 Ndf6 17. Qh4 Nxd5 18. Qxd8 Rxd8 19. Bf3 Nxe3 20. Rxe3 Bxf3 21.
Rxf3 Rxf3 22. gxf3 d5 23. Rd1 Nf6 24. a4 b4 25. Na2 a5 26. Ne3 Rd7 27. Nc1 Kf7
28. b3 Bh6 29. Kg2 Bxe3 30. fxe3 Rc7 31. bxc4 Rxc4 32. Rd2 e4 33. Nb3 exf3+ 34.
Kxf3 Rc7 35. Nxa5 Ra7 36. Nc6 Rxa4 37. Rd4 g5 38. Nxb4 Ke6 39. h3 h5 40. c3 Ra3
41. c4 dxc4 42. Rxc4 g4+ 43. hxg4 hxg4+ 44. Kf2 g3+ 45. Kxg3 Rxe3+ 46. Kf2 Re4
47. Rxe4+ Nxe4+ 1/2-1/2

[Event "European Youth Chess Championship B10"]
[Site "Prague, Top Hotel Prague"]
[Date "2016.08.27"]
[Round "9.5"]
[White "Siniauski, Artsiom"]
[Black "Pavlov, Mark"]
[Result "1-0"]
[WhiteElo "1840"]
[BlackElo "1538"]
[PlyCount "69"]
[EventDate "2016.08.18"]

1. Nf3 Nf6 2. c4 c5 3. b3 g6 4. Bb2 Bg7 5. g3 O-O 6. Bg2 Nc6 7. O-O d6 8. e3
Bf5 9. d4 Nb4 10. Ne1 Qc7 11. a3 Nc6 12. Nc3 a6 13. e4 Bd7 14. d5 Na7 15. Nd3
b5 16. Qe2 Rab8 17. f4 bxc4 18. bxc4 Bg4 19. Bf3 Bxf3 20. Rxf3 Rb7 21. e5 Ne8
22. Ne4 Qb8 23. Raf1 f6 24. h4 f5 25. Ng5 h6 26. Ne6 Rf7 27. R1f2 Kh7 28. Rh2
h5 29. Ng5+ Kg8 30. Nxf7 Kxf7 31. exd6 Bxb2 32. Qe6+ Kg7 33. Rxb2 Rxb2 34. Qe5+
Nf6 35. Nxb2 1-0

[Event "European Youth Chess Championship B10"]
[Site "Prague, Top Hotel Prague"]
[Date "2016.08.27"]
[Round "9.6"]
[White "Piliposyan, Robert"]
[Black "Piccinno, Matteo"]
[Result "1/2-1/2"]
[WhiteElo "1701"]
[BlackElo "1772"]
[PlyCount "74"]
[EventDate "2016.08.18"]

1. d4 Nf6 2. Nf3 e6 3. g3 b6 4. Bg2 Bb7 5. O-O Be7 6. c4 O-O 7. Nc3 d6 8. Qc2
c5 9. d5 exd5 10. cxd5 Na6 11. e4 Nc7 12. a4 a6 13. Nh4 b5 14. axb5 Nxb5 15.
Qd3 Nd7 16. Nxb5 Ne5 17. Qe2 axb5 18. Rxa8 Qxa8 19. Nf5 Re8 20. Bf4 Bf8 21.
Bxe5 Rxe5 22. Qxb5 Bxd5 23. exd5 Rxf5 24. Re1 Qa7 25. Qc6 c4 26. Re2 Qd4 27.
Qc8 Re5 28. Rxe5 Qxe5 29. Qxc4 Qxb2 30. Be4 Qe5 31. Bd3 Qe1+ 32. Kg2 Qe5 33.
Qh4 h6 34. Qc4 g6 35. Be4 Bg7 36. Qb4 Bf8 37. f4 Qf6 1/2-1/2

[Event "European Youth Chess Championship B10"]
[Site "Prague, Top Hotel Prague"]
[Date "2016.08.27"]
[Round "9.7"]
[White "Davtyan, Arsen"]
[Black "Yoon, Jacob D"]
[Result "0-1"]
[WhiteElo "1752"]
[BlackElo "1823"]
[PlyCount "73"]
[EventDate "2016.08.18"]

1. d4 e6 2. c4 b6 3. e4 Bb7 4. Bd3 Nc6 5. Ne2 Nb4 6. Nbc3 Nxd3+ 7. Qxd3 Bb4 8.
O-O Ne7 9. a3 Bxc3 10. Nxc3 O-O 11. Bd2 d5 12. Rad1 Qd7 13. cxd5 exd5 14. e5
Rfe8 15. f4 g6 16. Rf2 a5 17. Re1 c6 18. h3 h5 19. Na4 Ba6 20. Qg3 Rab8 21. Qg5
Bc8 22. e6 fxe6 23. g4 hxg4 24. hxg4 Kf7 25. Rh2 Rg8 26. Rh7+ Rg7 27. Rxg7+
Kxg7 28. Qe5+ Kf7 29. Kg2 Ng8 30. Qxb8 e5 31. f5 gxf5 32. Nxb6 Qd8 33. Qxc8
Qxb6 34. Qxf5+ Kg7 35. Qxe5+ Kf7 36. Rf1+ Kg6 37. Qh5+ 0-1

[Event "European Youth Chess Championship B10"]
[Site "Prague, Top Hotel Prague"]
[Date "2016.08.27"]
[Round "9.8"]
[White "Kostolansky, Sebastian Lukas"]
[Black "Wojdak, Jan"]
[Result "1-0"]
[WhiteElo "2015"]
[BlackElo "1681"]
[PlyCount "61"]
[EventDate "2016.08.18"]

1. e4 c5 2. Nf3 g6 3. c3 Bg7 4. d4 cxd4 5. cxd4 d6 6. Nc3 Nf6 7. Be2 O-O 8. O-O
b6 9. e5 Ne8 10. Bf4 Bb7 11. Qb3 d5 12. a4 a6 13. Rfc1 e6 14. Qa3 Nd7 15. Rc2
f6 16. Bg3 fxe5 17. dxe5 Nc5 18. Rd1 Bh6 19. a5 Rc8 20. axb6 Qxb6 21. Nd4 Bf4
22. b4 Ne4 23. Na4 Qa7 24. Nc5 Bxg3 25. hxg3 Qb8 26. Nd7 Rxc2 27. Nxb8 Rc3 28.
Qb2 Rxf2 29. Rf1 Rxf1+ 30. Bxf1 Ng7 31. g4 1-0

[Event "European Youth Chess Championship B10"]
[Site "Prague, Top Hotel Prague"]
[Date "2016.08.27"]
[Round "9.9"]
[White "Maneluk, Daniil"]
[Black "Bui, Bao Anh Le"]
[Result "1-0"]
[WhiteElo "1991"]
[BlackElo "1659"]
[PlyCount "93"]
[EventDate "2016.08.18"]

1. e4 c5 2. Nf3 d6 3. d4 cxd4 4. Nxd4 Nf6 5. Nc3 a6 6. Be3 e5 7. Nb3 Be6 8. f3
Be7 9. Qd2 O-O 10. O-O-O a5 11. Kb1 Na6 12. g4 Nb4 13. h4 d5 14. g5 d4 15. gxf6
Bxf6 16. Nxd4 exd4 17. Bxd4 Rc8 18. a3 Nc6 19. Bxf6 Qxf6 20. Qe3 Ne5 21. Be2
Nc4 22. Bxc4 Rxc4 23. Nd5 Bxd5 24. exd5 h6 25. d6 Rd8 26. d7 Qe6 27. Qxe6 fxe6
28. Rd6 Kf7 29. Re1 Rxh4 30. Rexe6 Rf4 31. Re3 Rf6 32. Rd5 b6 33. Rb3 Ke7 34.
Rbd3 g6 35. Kc1 g5 36. Re3+ Kf7 37. c3 Re6 38. Rxe6 Kxe6 39. Rb5 Rxd7 40. Rxb6+
Rd6 41. Rxd6+ Kxd6 42. b4 a4 43. c4 Ke5 44. c5 Kd5 45. Kd2 h5 46. Ke3 h4 47.
Kf2 1-0

[Event "European Youth Chess Championship B10"]
[Site "Prague, Top Hotel Prague"]
[Date "2016.08.27"]
[Round "9.10"]
[White "Samadov, Read"]
[Black "Creanga, Robert-Ionut"]
[Result "1-0"]
[WhiteElo "1611"]
[BlackElo "1809"]
[PlyCount "67"]
[EventDate "2016.08.18"]

1. e4 c5 2. Nf3 e6 3. d4 cxd4 4. Nxd4 a6 5. Nc3 Qc7 6. Be2 Nf6 7. O-O d6 8. Be3
b5 9. f3 b4 10. Nb1 Nbd7 11. c4 Bb7 12. Qe1 Be7 13. a3 bxa3 14. Nxa3 O-O 15. b4
d5 16. exd5 exd5 17. c5 Rfc8 18. Rc1 Nb8 19. Kh1 Qd7 20. Bd3 g6 21. Bg5 Kg7 22.
Qh4 Ng8 23. Bxe7 Qxe7 24. Qg3 Kh8 25. Rfe1 Qd8 26. Qe5+ f6 27. Qe2 Bc6 28. Nxc6
Rxc6 29. Nc2 Rc8 30. Nd4 Qf8 31. Ne6 Qf7 32. c6 Nxc6 33. Rxc6 Re8 34. Rxa6 1-0

[Event "European Youth Chess Championship B10"]
[Site "Prague, Top Hotel Prague"]
[Date "2016.08.27"]
[Round "9.11"]
[White "Chyzy, Jakub"]
[Black "Aslanov, Umid"]
[Result "1-0"]
[WhiteElo "1775"]
[BlackElo "1651"]
[PlyCount "55"]
[EventDate "2016.08.18"]

1. e4 c5 2. Nf3 Nc6 3. d4 cxd4 4. Nxd4 Nf6 5. Nc3 e5 6. Ndb5 d6 7. Bg5 a6 8.
Bxf6 gxf6 9. Na3 b5 10. Nd5 f5 11. Bd3 Be6 12. c3 Bg7 13. Qh5 f4 14. g3 fxg3
15. hxg3 Ne7 16. Qg5 Ng6 17. Qxd8+ Kxd8 18. c4 Bxd5 19. cxd5 Rc8 20. Nc2 Ne7
21. Ne3 h6 22. Kd2 Kd7 23. a4 Rb8 24. axb5 axb5 25. Ra7+ Kd8 26. Rc1 Ke8 27.
Rcc7 Bf8 28. Bxb5+ 1-0

[Event "European Youth Chess Championship B10"]
[Site "Prague, Top Hotel Prague"]
[Date "2016.08.27"]
[Round "9.12"]
[White "Lazavik, Denis"]
[Black "Levin, Guy"]
[Result "1/2-1/2"]
[WhiteElo "1704"]
[BlackElo "1774"]
[PlyCount "76"]
[EventDate "2016.08.18"]

1. d4 d5 2. Nf3 c6 3. c4 e6 4. Qc2 Nf6 5. e3 Nbd7 6. Nc3 Bd6 7. Bd3 dxc4 8.
Bxc4 b5 9. Bd3 Bb7 10. O-O a6 11. Ne4 Nxe4 12. Bxe4 Rc8 13. Bd2 Nf6 14. b4 Qe7
15. Bd3 Bxb4 16. Bxb4 Qxb4 17. Rab1 Qd6 18. a4 O-O 19. Nd2 g6 20. Nb3 Nd7 21.
Rfc1 e5 22. Qb2 Kh8 23. Na5 Ba8 24. d5 cxd5 25. axb5 Nc5 26. Qa3 Rc7 27. bxa6
Nxd3 28. Qxd3 Rxc1+ 29. Rxc1 Qb4 30. Qc3 Qxc3 31. Rxc3 Rb8 32. h3 Kg7 33. a7
Rb1+ 34. Kh2 Ra1 35. Rc8 Rxa5 36. Rxa8 Ra3 37. Rd8 Rxa7 38. Rxd5 Re7 1/2-1/2

[Event "European Youth Chess Championship B10"]
[Site "Prague, Top Hotel Prague"]
[Date "2016.08.27"]
[Round "9.13"]
[White "Dobre, Radu-Fabian"]
[Black "Paduano, Claudio"]
[Result "1-0"]
[WhiteElo "1718"]
[BlackElo "1860"]
[PlyCount "93"]
[EventDate "2016.08.18"]

1. e4 c5 2. Nf3 Nc6 3. c3 d5 4. exd5 Qxd5 5. d4 Bg4 6. Be2 e6 7. Be3 Nf6 8. O-O
Be7 9. h3 Bh5 10. Nbd2 O-O 11. g4 Bg6 12. Bc4 Qd7 13. dxc5 Na5 14. Ne5 Qc8 15.
Nxg6 hxg6 16. b4 Nxc4 17. Nxc4 Nd5 18. Qb3 Bf6 19. Rac1 Qc7 20. f4 g5 21. Rf3
gxf4 22. Bd4 g5 23. Re1 Bxd4+ 24. cxd4 Rfe8 25. Nd6 Re7 26. Rf2 Ne3 27. Rxe3
fxe3 28. Qxe3 f6 29. Rxf6 Rf8 30. Rg6+ Kh8 31. Qxg5 Rg7 32. Qh6+ Kg8 33. Rxg7+
Qxg7 34. Qxe6+ Kh8 35. Qe5 Qxe5 36. dxe5 Kh7 37. b5 Rf3 38. Kg2 Ra3 39. Nxb7
Rxa2+ 40. Kg3 Kg7 41. c6 Kf7 42. h4 Rb2 43. Nd6+ Ke7 44. h5 a6 45. Nb7 Ke8 46.
h6 Rc2 47. h7 1-0

[Event "European Youth Chess Championship B10"]
[Site "Prague, Top Hotel Prague"]
[Date "2016.08.27"]
[Round "9.14"]
[White "Mizrahi, Ido"]
[Black "Caliskan, Seha"]
[Result "0-1"]
[WhiteElo "1827"]
[BlackElo "1645"]
[PlyCount "90"]
[EventDate "2016.08.18"]

 1. d4 d5 2. c4 c6 3. cxd5 cxd5 4. Bf4 Nc6 5.
e3 Nf6 6. Nc3 a6 7. Be2 Bf5 8. Nf3 e6 9. Qb3 Bd6 10. Bxd6 Qxd6 11. Qxb7 O-O 12.
Qb3 Nb4 13. O-O Nc2 14. Rac1 Rfb8 15. Qa4 Rb4 16. Qa5 Rxb2 17. Nh4 Bg4 18. Nf3
Na3 19. Rfe1 Bxf3 20. Bxf3 Nc4 21. Qa4 Nd7 22. Re2 Rb4 23. Qc2 f5 24. Qd3 Rab8
25. Rb1 Rxb1+ 26. Nxb1 Qb4 27. Nc3 Qa3 28. g3 Nf6 29. Rc2 Rb1+ 30. Kg2 a5 31.
Be2 Rb8 32. Qd1 Rc8 33. Qd3 Qb4 34. Nd1 Rb8 35. Nc3 Ne8 36. Qd1 Ned6 37. Qc1 a4
38. Bxc4 Nxc4 39. Ne2 a3 40. Nf4 Kf7 41. Nd3 Qb1 42. Qxb1 Rxb1 43. Rxc4 dxc4
44. Nc5 Ke7 45. Kf3 c3 0-1

[Event "European Youth Chess Championship B10"]
[Site "Prague, Top Hotel Prague"]
[Date "2016.08.27"]
[Round "9.15"]
[White "Kolchin, Maxim"]
[Black "Mitusov, Semen"]
[Result "1-0"]
[WhiteElo "1590"]
[BlackElo "1783"]
[PlyCount "105"]
[EventDate "2016.08.18"]

1. e4 e5 2. Nf3 Nc6 3. Bc4 Bc5 4. c3 Qe7 5. d4 Bb6 6. Bg5 Nf6 7. d5 Nb8 8. d6
cxd6 9. Na3 a6 10. Bd5 h6 11. Bxf6 Qxf6 12. Qb3 Qd8 13. Bxf7+ Ke7 14. Nh4 Bc5
15. Ng6+ Kf6 16. Nxh8 Qxh8 17. Bg8 Ke7 18. Qf7+ Kd8 19. b4 Ba7 20. Nc4 Kc7 21.
Qf8 Nc6 22. Nxd6 Bxf2+ 23. Kxf2 g5 24. Qg7 Qxg7 25. Ne8+ Kb6 26. Nxg7 d6 27.
Rhf1 Ne7 28. Be6 Ng6 29. g3 Bxe6 30. Nxe6 Rc8 31. Rac1 Kb5 32. Ke3 Kc4 33. Rf6
Ne7 34. Rf7 Nc6 35. Rxb7 Rg8 36. Rd7 Rg6 37. Rxd6 Nd8 38. Rxd8 Rxe6 39. Rd5 Rc6
40. Rc5+ Rxc5 41. bxc5 Kxc5 42. c4 g4 43. a3 h5 44. a4 a5 45. Kd3 Kb4 46. c5
Kxa4 47. c6 h4 48. gxh4 g3 49. hxg3 Kb3 50. c7 a4 51. c8=Q a3 52. Qc4+ Kb2 53.
Qc2# 1-0

[Event "European Youth Chess Championship B10"]
[Site "Prague, Top Hotel Prague"]
[Date "2016.08.27"]
[Round "9.16"]
[White "Tyurin, Artem"]
[Black "Navumenka, Mikhei"]
[Result "1-0"]
[WhiteElo "1766"]
[BlackElo "1681"]
[PlyCount "64"]
[EventDate "2016.08.18"]

1. e4 e6 2. d4 d5 3. Nc3 Nf6 4. Bg5 dxe4 5. Nxe4 Be7 6. Bxf6 Bxf6 7. Nf3 Nd7 8.
Bd3 O-O 9. Qe2 c5 10. O-O-O Qb6 11. Nxf6+ Nxf6 12. g4 Qa5 13. Kb1 Bd7 14. g5
Nd5 15. Ne5 c4 16. Bxc4 Bc6 17. Nxc6 bxc6 18. h4 Rab8 19. Bb3 Qb6 20. g6 fxg6
21. Qe5 Rf6 22. h5 a5 23. a4 Re8 24. hxg6 hxg6 25. Rhe1 Qb8 26. Qe4 Qf4 27. Qd3
Ref8 28. Qc4 Qxf2 29. Qxc6 Qxd4 30. Rxe6 Rf5 31. Rd6 Kh8 32. Rxd5 Qe4 1-0

[Event "European Youth Chess Championship B10"]
[Site "Prague, Top Hotel Prague"]
[Date "2016.08.27"]
[Round "9.17"]
[White "Palchuk, Andrii"]
[Black "Hrbek, Stepan"]
[Result "1-0"]
[WhiteElo "1649"]
[BlackElo "1760"]
[PlyCount "75"]
[EventDate "2016.08.18"]

1. e4 c5 2. Nf3 e6 3. c3 Nf6 4. e5 Nd5 5. d4 cxd4 6. cxd4 b6 7. Be2 Bb7 8. O-O
Be7 9. Nc3 O-O 10. Bd2 d6 11. h3 Nd7 12. Rc1 Rc8 13. a3 a6 14. Nxd5 exd5 15.
Bc3 a5 16. Re1 dxe5 17. Nxe5 Nxe5 18. dxe5 Bg5 19. Rb1 Re8 20. Bg4 Rc7 21. Bd4
Rc6 22. Be2 Rce6 23. g3 Be7 24. b4 axb4 25. axb4 f6 26. Bg4 Rc6 27. Qe2 Kf7 28.
Bf3 Rc4 29. Qd2 f5 30. Bh5+ g6 31. Be2 Rc8 32. g4 fxg4 33. Bxg4 Rc4 34. Qf4+
Kg8 35. Be6+ Kg7 36. Qf7+ Kh8 37. Bxb6 Qb8 38. Bd7 1-0

[Event "European Youth Chess Championship B10"]
[Site "Prague, Top Hotel Prague"]
[Date "2016.08.27"]
[Round "9.18"]
[White "Spizharny, Mikhail"]
[Black "Pidluznij, Gleb"]
[Result "1-0"]
[WhiteElo "1754"]
[BlackElo "1617"]
[PlyCount "103"]
[EventDate "2016.08.18"]

1. e4 e6 2. d4 d5 3. Nc3 Bb4 4. exd5 exd5 5. Bd3 Ne7 6. Qh5 Nbc6 7. Nge2 Be6 8.
a3 Ba5 9. Be3 Qd7 10. O-O O-O-O 11. b4 Bb6 12. Na4 f6 13. Rfb1 g5 14. Qf3 Rdf8
15. Nxb6+ cxb6 16. Nc3 Bg4 17. Qg3 Be6 18. a4 Qc7 19. Qf3 h5 20. Qe2 Bf7 21. a5
Kd8 22. axb6 Qxb6 23. b5 Nb8 24. Na4 Qc7 25. b6 axb6 26. Rxb6 Be8 27. Rab1 Bc6
28. Nc5 Kc8 29. Ne6 Qd7 30. Nxf8 Rxf8 31. Bb5 h4 32. Bxc6 Nexc6 33. Rxb7 Qxb7
34. Rxb7 Kxb7 35. Qb5+ Kc7 36. Qxd5 Nd7 37. f4 Re8 38. Kf2 g4 39. f5 Nb6 40.
Qc5 Nd7 41. Qc3 Nb6 42. Qb3 Re7 43. d5 Rxe3 44. Qxe3 Nxd5 45. Qe4 g3+ 46. hxg3
hxg3+ 47. Kxg3 Nde7 48. Qe6 Kb6 49. Qxf6 Nd5 50. Qg5 Kc5 51. f6 Nd8 52. Qg8 1-0

[Event "European Youth Chess Championship B10"]
[Site "Prague, Top Hotel Prague"]
[Date "2016.08.27"]
[Round "9.19"]
[White "Hak, David"]
[Black "Larichev, Prokhor"]
[Result "0-1"]
[WhiteElo "1747"]
[BlackElo "1585"]
[PlyCount "72"]
[EventDate "2016.08.18"]

1. e4 c5 2. Nf3 e6 3. d4 cxd4 4. Nxd4 a6 5. Be2 Nf6 6. Nc3 Qc7 7. O-O d6 8. Be3
b5 9. a3 Bb7 10. f3 Nbd7 11. Kh1 Be7 12. Qe1 O-O 13. Qg3 Kh8 14. Qh3 Rac8 15.
Rac1 Nb6 16. Bd3 Nc4 17. Bxc4 Qxc4 18. Nb3 Qc7 19. Qg3 Ba8 20. Qf2 Nd7 21. Rcd1
Rb8 22. f4 Nf6 23. e5 dxe5 24. fxe5 Ng4 25. Qg3 Nxe3 26. Qxe3 Qc6 27. Qe2 Qc7
28. Rd3 Rbc8 29. Rh3 Bg5 30. Qh5 Bh6 31. Rf6 Qc6 32. Rg3 Rg8 33. Rxf7 Rcf8 34.
Rxf8 Rxf8 35. Qe2 Qc4 36. Qxc4 bxc4 0-1